000 00446nam a2200181Ia 4500
005 20221209104214.0
008 131103s9999 xx 000 0 und d
040 _aLoreto College
041 _aEnglish
082 _a821.91
_bSEY
100 _aSeymour, William Kean
245 _aCollected poems
_cWilliam Kean Seymour
260 _bRobert Hale Ltd.
_c1946
300 _a257p.
650 _aEnglish poetry
850 _aLCLIB
942 _cBK
999 _c22567
_d73046